[Event "Pinamar U2200 op"]
[Site "Pinamar"]
[Date "2015.11.08"]
[Round "6.6"]
[White "Bacino, Gustavo"]
[Black "Gascon, Jorge Alberto"]
[Result "1-0"]
[WhiteElo "1882"]
[BlackElo "1756"]
[PlyCount "55"]
[EventDate "2015.11.07"]
[EventType "swiss"]
[EventRounds "6"]
[EventCountry "ARG"]
[SourceTitle "EXT 2024"]
[Source "ChessBase"]
[SourceDate "2023.10.10"]
[SourceVersion "1"]
[SourceVersionDate "2023.10.10"]
[SourceQuality "1"]

1. e4 c5 2. Nf3 Nc6 3. Bb5 Qc7 4. 0-0 g6 5. Nc3 Nf6 6. d3 Bg7 7. Ne2 0-0 8. Bf4 d6 9. Ng3 h6 10. h3 Kh7 11. Re1 Nd7 12. c3 a6 13. Bxc6 Qxc6 14. a4 b5 15. axb5 axb5 16. Rxa8 Qxa8 17. Qb3 Qc6 18. d4 c4 19. Qc2 Nb6 20. Ra1 Bb7 21. d5 Qd7 22. Be3 Qc7 23. Nd4 Bxd4 24. Bxd4 Ra8 25. Qc1 Na4 26. Qf4 Rf8 27. Be3 Rh8 28. Qxf7# 1-0

[Event "Pinamar U2200 op"]
[Site "Pinamar"]
[Date "2015.11.07"]
[Round "2.4"]
[White "Gascon, Jorge Alberto"]
[Black "Giuliani, German"]
[Result "0-1"]
[WhiteElo "1756"]
[BlackElo "1820"]
[PlyCount "116"]
[EventDate "2015.11.07"]
[EventType "swiss"]
[EventRounds "6"]
[EventCountry "ARG"]
[SourceTitle "EXT 2024"]
[Source "ChessBase"]
[SourceDate "2023.10.10"]
[SourceVersion "1"]
[SourceVersionDate "2023.10.10"]
[SourceQuality "1"]

1. d4 h6 2. c4 g5 3. Nc3 Bg7 4. g3 c5 5. Be3 b6 6. Bg2 Nc6 7. Nf3 Bb7 8. Ne5 Nxe5 9. Bxb7 Nxc4 10. Bxa8 Qxa8 11. 0-0 Nxb2 12. Qb3 cxd4 13. Bxd4 Bxd4 14. Qxb2 Nf6 15. Qb3 0-0 16. Rac1 Rc8 17. Nb5 Bc5 18. Qf3 Ne4 19. Qd3 Nxf2 20. Rxf2 Bxf2+ 21. Kxf2 Rxc1 22. Qxd7 Qc8 23. Qd3 Qc5+ 24. Kg2 Rg1+ 25. Kf3 Qc6+ 26. Ke3 Qc1+ 27. Kf3 Rd1 28. Qe4 Rf1+ 29. Kg2 Rf6 30. Kh3 Qf1+ 31. Kg4 Re6 32. Qa8+ Kg7 33. Nd4 h5+ 34. Kxh5 Qh3+ 35. Kxg5 Rg6+ 36. Kf4 Qg4+ 37. Ke3 Rd6 38. Nf3 Qc4 39. Kf2 Qc5+ 40. Kg2 a5 41. Qe4 Re6 42. Qg4+ Kf8 43. Ng5 Qc6+ 44. Kf2 Rf6+ 45. Nf3 Qc5+ 46. Kg2 e6 47. Qh4 Ke7 48. Nd4 Qc1 49. Nf3 Qe3 50. Kf1 Qh6 51. Qe4 Qxh2 52. Qb7+ Kf8 53. Qb8+ Kg7 54. Qe5 Qh7 55. Kf2 Qf5 56. Qe3 b5 57. Kg2 Qb1 58. Nh4 Qf1+ 0-1